| Tag |
First Indicator |
Second Indicator |
Subfields |
| LEADER |
00000cam a2200000 a 4500 |
| 001 |
in00000078963 |
| 005 |
20151008055154.0 |
| 008 |
810615s1981 ilu b 00110 eng |
| 010 |
|
|
|a 81009081
|
| 020 |
|
|
|a 0398045747
|
| 035 |
|
|
|a (OCoLC)07576272
|
| 035 |
|
|
|9 AAJ2745AM
|
| 039 |
0 |
|
|a 2
|b 3
|c 3
|d 3
|e 3
|
| 040 |
|
|
|a DLC
|c DLC
|d VET
|d TXA
|d UtOrBLW
|
| 049 |
|
|
|a TXAM
|c [1361724]
|
| 050 |
0 |
0 |
|a RC454
|b .P64
|
| 082 |
0 |
|
|a 616.89
|2 19
|
| 096 |
|
|
|a WM 420 P67 1981
|
| 100 |
1 |
|
|a Powell, Barbara J.,
|d 1933-
|
| 245 |
1 |
2 |
|a A layman's guide to mental health problems and treatments /
|c by Barbara J. Powell.
|
| 264 |
|
1 |
|a Springfield, Ill. :
|b C.C. Thomas,
|c [1981]
|
| 264 |
|
4 |
|c ©1981
|
| 300 |
|
|
|a xii, 279 pages ;
|c 23 cm.
|
| 336 |
|
|
|a text
|b txt
|2 rdacontent
|
| 337 |
|
|
|a unmediated
|b n
|2 rdamedia
|
| 338 |
|
|
|a volume
|b nc
|2 rdacarrier
|
| 504 |
|
|
|a Includes bibliographies and index.
|
| 650 |
|
0 |
|a Psychology, Pathological.
|
| 650 |
|
0 |
|a Psychotherapy.
|
| 650 |
|
2 |
|a Psychopathology.
|
| 650 |
|
2 |
|a Psychotherapy.
|
| 999 |
|
|
|a MARS
|
| 999 |
f |
f |
|s fc5f22e1-e810-3157-aba1-6e2159411daf
|i 595096a8-4e6b-3c3b-a14f-cd62f9b48a62
|t 0
|
| 952 |
f |
f |
|p ric
|a Texas A&M University
|b Rellis Campus
|c Joint Library Facility
|d Remote Storage
|t 0
|e RC454 .P64
|h Library of Congress classification
|i unmediated -- volume
|m A14806229641
|
| 998 |
f |
f |
|a RC454 .P64
|t 0
|l Remote Storage
|